[Event "Rosario Italia Cup"]
[Site "Rosario"]
[Date "2023.12.03"]
[Round "5"]
[White "Hilgert, Gonzalo"]
[Black "Turcutto, Agustin"]
[Result "1-0"]
[WhiteElo "1754"]
[BlackElo "1575"]
[PlyCount "53"]
[EventDate "2023.12.01"]
[EventType "swiss"]
[EventRounds "6"]
[EventCountry "ARG"]
[SourceTitle "CB50_2023"]
[SourceDate "2023.12.13"]
[SourceVersion "1"]
[SourceVersionDate "2023.12.13"]
[SourceQuality "1"]

1. Nf3 Nf6 2. g3 g6 3. Bg2 Bg7 4. 0-0 0-0 5. d3 d6 6. e4 c5 7. c3 Nc6 8. Re1 Bg4 9. h3 Bxf3 10. Bxf3 Qc8 11. Bg2 Nd7 12. Nd2 b5 13. Nf3 b4 14. d4 a5 15. Bf4 e5 16. dxe5 dxe5 17. Bd2 Rd8 18. Qe2 Nf8 19. Be3 Nd7 20. h4 a4 21. Bh3 Na5 22. cxb4 cxb4 23. Bb6 Re8 24. Qb5 Nc6 25. Rac1 Qa6 26. Qxa6 Rxa6 27. Bxd7 1-0